|
|
|
|
| LEADER |
01003nam a2200265 a 4500 |
| 001 |
GR-Patra2055 |
| 008 |
991022s1992 nyu 000 b eng d |
| 020 |
|
|
|a 0071126430
|
| 040 |
|
|
|a GrPaTEI
|b gre
|c GR-PaULI
|
| 245 |
0 |
0 |
|a Fundamentals of engineering thermodynamics.
|
| 250 |
|
|
|a 2nd ed.
|
| 260 |
|
|
|a New York :
|b McGraw-Hill,
|c 1992
|
| 300 |
|
|
|a xxvii, 1033σ. :
|b εικ., πίν.
|
| 490 |
1 |
|
|a McGraw-Hill series in mechanical engineering
|
| 650 |
|
0 |
|a Thermodynamics
|
| 650 |
|
4 |
|a Θερμοδυναμική
|
| 650 |
|
4 |
|a Θερμοδυναμική
|
| 700 |
1 |
|
|a Buckius, Richard O.
|
| 700 |
1 |
|
|a Howell, John R.
|
| 710 |
0 |
|
|a McGraw-Hill
|
| 830 |
|
0 |
|1 00111693
|1 2001
|a McGraw-Hill series in mechanical engineering
|
| 942 |
|
|
|2 ddc
|
| 952 |
|
|
|0 0
|1 0
|2 ddc
|4 0
|6 621_402100000000000_HOW
|7 0
|9 283862
|a LISK
|b LISK
|c BSC
|d 2021-01-17
|e 24
|f 0
|g 0.00
|l 0
|o 621.4021 HOW
|p 9241006072
|r 2021-01-17 00:00:00
|t 1
|w 2021-01-17
|y BK15
|x 19991024 0 1
|x GrPaTEI
|
| 971 |
|
|
|a .b26495533
|b 15-04-20
|c 23-09-16
|
| 999 |
|
|
|c 165123
|d 165123
|